01882cam a2200505 i 4500001000400000003000900004005001700013008003900030015001700069020001500086040003500101080001200136080001200148100003900160245008300199250001500282260005500297300004600352336002700398337005300425338002800478380001600506380002700522385003900549388001400588388001400602490004200616504003600658650002200694650001700716655003000733658002800763700003800791710004100829856009600870942001200966999001300978952006700991952005101058952005101109952005101160952006301211952005101274952005101325503KOSZ 00520210112131428.0000811s1976 pl a f f |001 0 pol aPB 1979/5506 a8320401011 aWA NcKOSZ 005/HRdKOSZ 005/HR a621.382 a(075.8)1 aŚwit, Alfredd(1928-1999)eAutor10aPrzyrządy półprzewodnikowe /cAlfred Swit [i.e. Świt], Jerzy Pułtorak. aWyd. 3 zm. aWarszawa :bWydawnictwa Naukowo-Techniczne,c1976. a433, [3] s. :bil., tab., wykr. ;c25 cm. 2rdacontentaTekstbtxt 2rdamediaaBez urządzenia pośedniczącegobn 2rdacarrieraWoluminbnc aKsiążki aPublikacje dydaktyczne mPoziom nauczaniaaSzkoły wyższe a1901-2000 a1945-19891 aPodręcznik Akademicki. Elektronika. aBibliogr. s. 417-427. - Indeks. 4aPółprzewodniki 4aUrządzenia 4aPodręczniki akademickie aInżynieria i technika1 aPułtorak, Jerzyd(1932- )eAutor2 aWydawnictwa Naukowo-Techniczne4pbl. uhttp://koha.tu.koszalin.pl/cgi-bin/koha/opac-detail.pl?biblionumber=503yKatalog online BPK 2UKDcKS c503d503 00104071aELBUDbELBUDcboP 13859p02220970t621.382 PpyKS 00104070aBPKbBPKcwoP 13864p01851427yKS 00104070aBPKbBPKcwoP 13865p01851410yKS 00104070aBPKbBPKcwoP 13866p01851403yKS 00104071aBPKbBPKccoP 13867p01851397t621.382 PpyKS 00104070aBPKbBPKcwoP 13868p01629545yKS 00104070aBPKbBPKcwoP 13869p01851380yKS